महिला क्रांतिकारकांच्या कथा (Record no. 370196)

MARC details
000 -LEADER
fixed length control field 03949 a2200169 4500
003 - CONTROL NUMBER IDENTIFIER
control field OSt
005 - DATE AND TIME OF LATEST TRANSACTION
control field 20260206135443.0
008 - FIXED-LENGTH DATA ELEMENTS--GENERAL INFORMATION
fixed length control field 260206b |||||||| |||| 00| 0 eng d
020 ## - INTERNATIONAL STANDARD BOOK NUMBER
International Standard Book Number 9788194867425
100 ## - MAIN ENTRY--PERSONAL NAME
Personal name सिन्हा -रावल मा.
9 (RLIN) 216654
245 ## - TITLE STATEMENT
Title महिला क्रांतिकारकांच्या कथा
260 ## - PUBLICATION, DISTRIBUTION, ETC. (IMPRINT)
Name of publisher, distributor, etc. भारतीय विचार साधना प्रकाशन
Date of publication, distribution, etc. 2020
Place of publication, distribution, etc. पुणे
300 ## - PHYSICAL DESCRIPTION
Extent 80pp.
500 ## - GENERAL NOTE
Keywords सुनीती चौधरी (१४ वर्षांची क्रांतिकारक): अवघ्या १४ व्या वर्षी ब्रिटीश दंडाधिकार्‍यास गोळ्या घालून तिने ऐतिहासिक कामगिरी केली. खुनाच्या आरोपाखाली तिला सात वर्षे तुरुंगवास भोगावा लागला, त्यानंतर तिने डॉक्टर म्हणून सेवा केली [६].<br/>प्रीतिलता वड्डेदार (क्रांतिकारक शहीद): सूर्य सेन यांच्या मार्गदर्शनाखाली चितगाव शस्त्रागार उठावात भाग घेतला. पोलीस वेढ्यात सापडल्यावर त्यांनी इंग्रजांच्या हाती न लागता आत्महत्या (सायनाइड प्राशन) करणे पसंत केले .<br/>बीना दास (दीक्षांत समारंभात गोळीबार): कोलकत्ता विद्यापीठाच्या दीक्षांत समारंभात पदवी घेताना ब्रिटीश गव्हर्नर स्टॅन्ली जॅक्सनवर गोळ्या झाडल्या. त्यांना नऊ वर्षे सश्रम कारावास झाला <br/>मादाम भिकाजी कामा (परदेशातील क्रांती): जर्मनीतील स्टटगार्ट येथे १९०७ मध्ये परदेशात पहिल्यांदा भारतीय राष्ट्रध्वज फडकवून त्यांनी ब्रिटीश सत्तेला थेट आव्हान दिले [३, ११].<br/>शांती घोष (बलिदान): सुनिती चौधरी यांच्यासोबत क्रांतिकारक कारवायांमध्ये सहभाग घेत, इंग्रज अधिकाऱ्याला धडा शिकवण्यासाठी धाडसी पाऊल उचलले
520 ## - SUMMARY, ETC.
Summary, etc. भारतीय स्वातंत्र्यलढ्यात महिलांचे योगदान अतुलनीय असून त्यांनी सशस्त्र उठाव, गुप्तहेरी आणि आंदोलनांद्वारे ब्रिटीशांना सळो की पळो करून सोडले. झाशीची राणी लक्ष्मीबाई, कित्तूरची राणी चेन्नम्मा, प्रीतिलता वड्डेदार, कल्पना दत्त, सुनीती चौधरी, आणि बीना दास यांसारख्या अनेक वीरांगनांनी आपल्या पराक्रमाने आणि बलिदानाने इतिहासात सुवर्णाक्षरांनी नावे कोरली आहेत
942 ## - ADDED ENTRY ELEMENTS (KOHA)
Koha item type Books
Source of classification or shelving scheme Dewey Decimal Classification
Holdings
Withdrawn status Lost status Source of classification or shelving scheme Damaged status Not for loan Collection code Home library Current library Date acquired Vendor Cost, normal purchase price Total Checkouts Barcode Checked out Date last seen Date last checked out Cost, replacement price Bill Date Koha item type Original Barcode
    Dewey Decimal Classification     MCA MKSSS s K.B. Joshi Institute of Information Technology Library MKSSS s K.B. Joshi Institute of Information Technology Library 03/02/2026 188 105.00 1 KBJP-BK-3010 05/05/2026 06/03/2026 06/03/2026 150.00 03/02/2026 Books 3010